Biomechanics of soft tissue in cardiovascular systems / (رقم التسجيلة. 859)

تفاصيل مارك
000 -الفاتح
حقل البيانات ثابتة الطول 01136nam a2200337 a 4500
001 - رقم الضبط
رقم الضبط 52481241
003 - محدد رقم الضبط
رقم الضبط OCoLC
005 - وقت وتاريخ اخر تعامل مع التسجيلة
رقم الضبط 20150408113723.0
008 - عناصر البيانات ثابتة الطول - معلومات عامة
حقل البيانات ثابتة الطول 030623s2003 au a b 100 0 eng
020 ## - الرقم الدولى المعيارى للكتب
الرقم الدولى المعيارى للكتاب 3211004556
035 ## - رقم ضبط النظام
رقم ضبط النظام .b58712732
040 ## - مصدر الفهرسة
وكالة الفهرسة الأصلية NLM
وكالة النسخ NLM
وكالة التعديل CUI
-- OHX
-- IXA
042 ## - رمز التحقق
رمز التحقق nlmcopyc
049 ## - المجموعات المحلية (OCLC)
مكتبة المقتنيات OSUU
060 00 - رقم الطلب بالمكتبة الطبية الوطنية
رقم التصنيف 2003 O-186
060 10 - رقم الطلب بالمكتبة الطبية الوطنية
رقم التصنيف WG 102
رقم المادة A244b 2003
072 #7 - رمز الفئه الموضوعية
رمز فئه الموضوع QP
المصدر lcco
082 ## - رقم تصنيف ديوى العشرى
رقم الطبعة 21
111 2# - المدخل الرئيسى - اسم مؤتمر
اسم المؤتمر أو اسم السلطة كمدخل Advanced School on "Biomechanics of Soft Tissue"
تاريخ الاجتماع (2001
موقع المؤتمر Udine, Italy)10
9 (RLIN) 5445
245 ## - بيان العنوان
العنوان Biomechanics of soft tissue in cardiovascular systems /
بيان المسئوليه,etc edited by Gerhard A. Holzapfel, Ray W. Ogden.
260 ## - PUBLICATION, DISTRIBUTION, ETC. (IMPRINT)
مكان الناشر او الموزع Wien ;
-- New York
اسم الناشر او الموزع Springer,
تاريخ النشر أو التوزيع c2003.
300 ## - الوصف المادى
تفاصيل ماديه اخرى للوعاء ill. ;
أبعاد الوعاء 25 cm.1
التعداد CI
440 ## - بيان السلسلة/مدخل إضافى-العنوان
العنوان Courses and lectures
رقم الجزء/قسم العمل 441
9 (RLIN) 5446
490 ## - بيان السلسلة
رقم المجلد/ التعيين التسلسلي no. 441.
عنوان السلسلة "C
650 ## - المدخل الاضافى بالموضوع-مصطلح موضوعى
مصطلح موضوعي أو اسم جغرافي كعنصر مدخل Biomechanics
التقسيم الفرعي الشكلي Congresses. 0
9 (RLIN) 5447
650 ## - المدخل الاضافى بالموضوع-مصطلح موضوعى
مصطلح موضوعي أو اسم جغرافي كعنصر مدخل Cardiovascular system
التقسيم الفرعي العام Mechanical properties
التقسيم الفرعي الشكلي Congresses. 0
9 (RLIN) 5448
650 ## - المدخل الاضافى بالموضوع-مصطلح موضوعى
مصطلح موضوعي أو اسم جغرافي كعنصر مدخل Vascular smooth muscle
التقسيم الفرعي العام Mechanical properties
التقسيم الفرعي الشكلي Congresses.1
9 (RLIN) 5449
700 ## - المدخل الاضافى - اسم شخصى
الإسم الشخصى Holzapfel, Gerhard A
9 (RLIN) 5450
700 ## - المدخل الاضافى - اسم شخصى
التواريخ المصاحبة للاسم Ogden, R. W.,
الإسم الشخصى Co
9 (RLIN) 5451
942 ## - عناصر المدخل الإضافي( كوها)
مصدر التصنيف او مخطط الترفيف Dewey Decimal Classification
Koha [default] item type كتاب
المقتنيات
حالة الفقد نموذج السعر الفعال حالة تلف ليس للاعارة رقم الطلب تاريخ الاكتساب الموقع الحالي الباركود الفرع الرئيسي Date last seen نوع المادة فى نظام كوها مصدر التصنيف او خطة الترفيف Total Checkouts
  2013-03-10     617.4 B I S 2011-10-26 المكتبة المركزية بالمجمعة (CL) 00047980 المكتبة المركزية بالمجمعة (CL) 2013-03-10 كتاب Dewey Decimal Classification